000
00301nam a22001337a 4500
008
180927b xxu||||| |||| 00| 0 eng d
020
_a
9781118305133
041
_a
eng
080
_2
3 ED
_a
370
100
_a
47
101
_a
EDU
245
_a
Fature Magazine Writing
_c
Miller.D
942
_2
udc
_c
BK
999
_c
48531
_d
48531